[Event "Madrid San Viator op-B 27th"]
[Site "Madrid"]
[Date "2016.11.13"]
[Round "8"]
[White "Perez Perez, Marta"]
[Black "Garcia Taheno, Juan"]
[Result "1-0"]
[WhiteElo "1392"]
[BlackElo "1448"]
[PlyCount "65"]
[EventDate "2016.09.25"]
[EventType "swiss"]
[EventRounds "9"]
[EventCountry "ESP"]
[SourceTitle "EXT 2019"]
[Source "ChessBase"]
[SourceDate "2018.10.10"]
[SourceVersion "1"]
[SourceVersionDate "2018.10.10"]
[SourceQuality "1"]

1. e4 c6 2. d4 d5 3. Nc3 dxe4 4. Nxe4 Bf5 5. Ng3 Bg6 6. Nf3 Nd7 7. Bd3 Bxd3 8. Qxd3 Ngf6 9. 0-0 e6 10. Bf4 Be7 11. c4 0-0 12. Rfe1 Re8 13. b3 h6 14. Rad1 Nh7 15. Ne4 Ndf6 16. Ne5 Bd6 17. Nxf7 Kxf7 18. Nxd6+ Kf8 19. Nxe8 Qxe8 20. Qe3 Kf7 21. Rd2 Qd7 22. Qe5 Ne8 23. Qh5+ Kg8 24. Qe5 Nf8 25. d5 Qe7 26. dxe6 Kh8 27. Bxh6 Rc8 28. Bg5 Qb4 29. e7 Ng6 30. Qe6 Nxe7 31. Qxe7 Nd6 32. Qxd6 Rg8 33. Qxb4 1-0

[Event "Madrid San Viator op-B 27th"]
[Site "Madrid"]
[Date "2016.11.06"]
[Round "7"]
[White "Garcia Taheno, Juan"]
[Black "Sanchez Ortega, Ivan"]
[Result "0-1"]
[WhiteElo "1448"]
[BlackElo "1673"]
[PlyCount "73"]
[EventDate "2016.09.25"]
[EventType "swiss"]
[EventRounds "9"]
[EventCountry "ESP"]
[SourceTitle "EXT 2019"]
[Source "ChessBase"]
[SourceDate "2018.10.10"]
[SourceVersion "1"]
[SourceVersionDate "2018.10.10"]
[SourceQuality "1"]

1. d4 d5 2. Nf3 Nf6 3. Bf4 Bf5 4. e3 e6 5. a3 Bd6 6. Bg3 0-0 7. Bd3 Bg4 8. Nbd2 b6 9. c3 c5 10. Bxd6 Qxd6 11. 0-0 Nbd7 12. Be2 c4 13. Nh4 Bxe2 14. Qxe2 h6 15. g3 Nh7 16. Ng2 f5 17. f4 Nhf6 18. Nh4 b5 19. Nhf3 a5 20. Rfd1 b4 21. axb4 axb4 22. Qf1 b3 23. Rxa8 Rxa8 24. Ra1 Qc6 25. h3 Ra4 26. Rxa4 Qxa4 27. Qb1 Qa2 28. Kg2 Nb6 29. g4 Qxb1 30. Nxb1 fxg4 31. Ne5 gxh3+ 32. Kxh3 Na4 33. Nc6 Nxb2 34. Kg3 Ne4+ 35. Kf3 Nd1 36. Ke2 Ndxc3+ 37. Nxc3 0-1

[Event "Madrid San Viator op-B 27th"]
[Site "Madrid"]
[Date "2016.10.09"]
[Round "3"]
[White "Coronado Riscos, Hector"]
[Black "Garcia Taheno, Juan"]
[Result "0-1"]
[WhiteElo "1034"]
[BlackElo "1448"]
[PlyCount "68"]
[EventDate "2016.09.25"]
[EventType "swiss"]
[EventRounds "9"]
[EventCountry "ESP"]
[SourceTitle "EXT 2017"]
[Source "ChessBase"]
[SourceDate "2016.10.25"]
[SourceVersion "1"]
[SourceVersionDate "2016.10.25"]
[SourceQuality "1"]

1. d4 d5 2. Nf3 Nf6 3. Bg5 Nbd7 4. e3 c6 5. Nbd2 h6 6. Bh4 e6 7. c4 Be7 8. Be2 0-0 9. 0-0 Nh7 10. Bxe7 Qxe7 11. a3 a6 12. Re1 Re8 13. Bd3 Ng5 14. Rc1 e5 15. e4 dxe4 16. Nxe4 Nxe4 17. Rxe4 f6 18. dxe5 Nxe5 19. Nxe5 fxe5 20. Qh5 Bd7 21. Rce1 Qd6 22. R1e3 Re6 23. f4 exf4 24. Rxe6 Bxe6 25. Qe5 Qxe5 26. Rxe5 Kf7 27. Kf2 Kf6 28. Re4 g5 29. h3 Rd8 30. Ke2 Bf5 31. b4 Bxe4 32. Bxe4 Ke5 33. Bf3 Kd4 34. c5 Kc3 0-1